[Event "Gibraltar Amateurs A"]
[Site "Gibraltar"]
[Date "2020.01.20"]
[Round "1.12"]
[White "Oueld El Hachemi, Abdelhaq"]
[Black "Jimenez Urquijo, Juan Manuel"]
[Result "1/2-1/2"]
[WhiteElo "1788"]
[BlackElo "1567"]
[PlyCount "105"]
[EventDate "2020.01.20"]
[EventType "swiss"]
[EventRounds "5"]
[EventCountry "GGB"]
[SourceTitle "BritBase"]
[Source "John Saunders"]
[SourceDate "2021.06.05"]
[SourceVersion "1"]
[SourceVersionDate "2021.06.05"]
[SourceQuality "1"]

1. c4 c5 2. Nc3 Nc6 3. g3 g6 4. Bg2 Bg7 5. e4 e5 6. Nge2 Nf6 7. d3 a6 8. h3 d6
9. g4 Qc7 10. Ng3 Be6 11. a3 Nd4 12. Be3 O-O 13. Rb1 b5 14. cxb5 Bb3 15. Qd2
Nc2+ 16. Kf1 axb5 17. Nxb5 Qb6 18. Nc3 Nxe3+ 19. fxe3 Qa6 20. Bf3 Rab8 21. Be2
d5 22. exd5 Nxd5 23. Nxd5 Bxd5 24. e4 Qf6+ 25. Kg2 Bb3 26. Rhf1 Qd6 27. Rf2 c4
28. Qc3 cxd3 29. Bd1 Rfc8 30. Qd2 Bc2 31. Rc1 Rxb2 32. Qe3 Qd4 33. Qf3 f6 34.
Nf1 Rc3 35. Bxc2 Rcxc2 36. Rfxc2 dxc2 37. Qe3 Bf8 38. Kf2 Bc5 39. Qxd4 Bxd4+
40. Ke2 Ra2 41. Kd2 Rxa3 42. h4 Ra1 43. Rxa1 Bxa1 44. Kxc2 Bd4 45. Nd2 h5 46.
gxh5 Bf2 47. hxg6 Bxh4 48. Kd3 Kg7 49. Kc4 Kxg6 50. Kd5 Kg5 51. Nf3+ Kg4 52.
Nxe5+ fxe5 53. Kxe5 1/2-1/2

[Event "Gibraltar Amateurs A"]
[Site "Gibraltar"]
[Date "2020.01.20"]
[Round "1.19"]
[White "Oliva Parra, Ernesto"]
[Black "Ashwani, Kumar Grover"]
[Result "0-1"]
[WhiteElo "1487"]
[BlackElo "1731"]
[PlyCount "101"]
[EventDate "2020.01.20"]
[EventType "swiss"]
[EventRounds "5"]
[EventCountry "GGB"]
[SourceTitle "BritBase"]
[Source "John Saunders"]
[SourceDate "2021.06.05"]
[SourceVersion "1"]
[SourceVersionDate "2021.06.05"]
[SourceQuality "1"]

1. e4 e6 2. d4 d5 3. e5 c5 4. c3 Qb6 5. Nf3 Nc6 6. a3 c4 7. Be2 Bd7 8. O-O Nge7
9. Nbd2 Na5 10. h3 Nec6 11. Nh2 Be7 12. Nhf3 h5 13. Nh2 g6 14. Kh1 O-O-O 15.
Qe1 g5 16. g3 Rdg8 17. Qd1 g4 18. h4 Nxd4 19. Nxc4 dxc4 20. Qxd4 Bc5 21. Qf4
Bc6+ 22. Kg1 Bd5 23. Be3 Bxe3 24. Qxe3 Qxe3 25. fxe3 Rg7 26. Rf4 Kd7 27. Nf1
Ke7 28. Nd2 Rc8 29. e4 Bc6 30. Bxc4 Rd8 31. b4 Rxd2 32. bxa5 Rc2 33. a6 b6 34.
Bf1 Rxc3 35. a4 Rg8 36. Bg2 Rd8 37. Raf1 Be8 38. Rf6 Rc5 39. R6f2 Rxe5 40. Rc2
Ra5 41. Rc7+ Rd7 42. Rxd7+ Bxd7 43. Rc1 Rxa6 44. Rc7 Kd6 45. Rc4 Rxa4 46. Rc1
Rd4 47. Ra1 a5 48. Rf1 Be8 49. Rf6 a4 50. Rh6 a3 51. Rxh5 0-1

[Event "Gibraltar Amateurs A"]
[Site "Gibraltar"]
[Date "2020.01.20"]
[Round "1.20"]
[White "Kuenitz, Klaus"]
[Black "Zhou, Jing"]
[Result "1-0"]
[WhiteElo "1726"]
[BlackElo "1457"]
[PlyCount "93"]
[EventDate "2020.01.20"]
[EventType "swiss"]
[EventRounds "5"]
[EventCountry "GGB"]
[SourceTitle "BritBase"]
[Source "John Saunders"]
[SourceDate "2021.06.05"]
[SourceVersion "1"]
[SourceVersionDate "2021.06.05"]
[SourceQuality "1"]

1. d4 Nf6 2. c4 e6 3. Nf3 d5 4. Bg5 Be7 5. e3 O-O 6. Nbd2 b6 7. Bd3 Bb7 8. O-O
Nbd7 9. Rc1 c5 10. Qe2 Rc8 11. Rfd1 Bd6 12. e4 dxe4 13. Nxe4 Be7 14. dxc5 Nxe4
15. Bxe7 Qxe7 16. Bxe4 Bxe4 17. Qxe4 Nxc5 18. Qe2 Rfd8 19. Ne5 Rxd1+ 20. Rxd1
Rd8 21. Kf1 Rxd1+ 22. Qxd1 g6 23. Nc6 Qh4 24. Qd8+ Qxd8 25. Nxd8 Nd3 26. b4
Nxb4 27. a3 Nc2 28. a4 Nd4 29. Nb7 Nc6 30. Ke2 Kf8 31. Kd3 Ke7 32. c5 bxc5 33.
Kc4 Kd7 34. Kxc5 Ne5 35. Kb5 Kc7 36. Ka6 Nc6 37. Nc5 e5 38. Kb5 Kd6 39. Ne4+
Kd5 40. Nf6+ Kd6 41. Nxh7 f5 42. h4 Nd4+ 43. Kc4 Ke6 44. f4 Nc6 45. Kc5 e4 46.
Kxc6 e3 47. Ng5+ 1-0

[Event "Gibraltar Amateurs A"]
[Site "Gibraltar"]
[Date "2020.01.20"]
[Round "1.21"]
[White "Bynnersley, AG (Tony)"]
[Black "Collins, Andrew"]
[Result "0-1"]
[WhiteElo "1443"]
[BlackElo "1720"]
[PlyCount "94"]
[EventDate "2020.01.20"]
[EventType "swiss"]
[EventRounds "5"]
[EventCountry "GGB"]
[SourceTitle "BritBase"]
[Source "John Saunders"]
[SourceDate "2021.06.05"]
[SourceVersion "1"]
[SourceVersionDate "2021.06.05"]
[SourceQuality "1"]

1. d4 Nf6 2. c4 e6 3. Nf3 Bb4+ 4. Bd2 Bxd2+ 5. Nbxd2 O-O 6. g3 d5 7. e3 Nbd7 8.
Bg2 Nb6 9. b3 c6 10. O-O Re8 11. Ne5 Nbd7 12. f4 c5 13. Ndf3 cxd4 14. exd4 Qb6
15. c5 Qa6 16. Re1 Nxe5 17. Nxe5 Bd7 18. Nxd7 Nxd7 19. Bf1 Qa5 20. Qd3 Nf6 21.
Bg2 Rac8 22. a3 Qd8 23. b4 a5 24. Rab1 axb4 25. axb4 b6 26. Rec1 Ra8 27. Ra1
Qc7 28. Qb5 Rxa1 29. Rxa1 bxc5 30. bxc5 Rb8 31. Qd3 g6 32. Rb1 Ra8 33. Qc3 Kg7
34. Qe3 Ng8 35. Qe5+ Qxe5 36. fxe5 Ne7 37. Bf1 Nf5 38. Rb4 Ra1 39. Kf2 Ra2+ 40.
Be2 Rd2 41. c6 Rc2 42. Rc4 dxc4 43. c7 Ne7 44. Ke1 Rb2 45. Bf3 Rxh2 46. d5 exd5
47. Bxd5 c3 0-1

[Event "Gibraltar Amateurs A"]
[Site "Gibraltar"]
[Date "2020.01.20"]
[Round "1.22"]
[White "Ocana, Jeremy"]
[Black "Camara Bordon, Luis Marcos"]
[Result "0-1"]
[WhiteElo "1708"]
[BlackElo "1349"]
[PlyCount "68"]
[EventDate "2020.01.20"]
[EventType "swiss"]
[EventRounds "5"]
[EventCountry "GGB"]
[SourceTitle "BritBase"]
[Source "John Saunders"]
[SourceDate "2021.06.05"]
[SourceVersion "1"]
[SourceVersionDate "2021.06.05"]
[SourceQuality "1"]

1. c4 Nf6 2. Nf3 g6 3. g3 Bg7 4. Bg2 O-O 5. O-O d6 6. d4 c6 7. Nc3 Nbd7 8. e4
e5 9. d5 Nc5 10. Re1 a5 11. Qc2 cxd5 12. cxd5 Bd7 13. Be3 Rc8 14. Bxc5 Rxc5 15.
Qb3 Qb8 16. a4 Rfc8 17. Bf1 Qa7 18. h3 Bh6 19. Kg2 Kg7 20. Red1 Rxc3 21. bxc3
Nxe4 22. Qb2 Nxc3 23. Rd3 Nxa4 24. Rxa4 Bxa4 25. Nxe5 dxe5 26. Qxe5+ Kg8 27.
Rf3 Bg7 28. Qe7 Rf8 29. Kg1 Qa8 30. Bc4 b5 31. Ba2 b4 32. Bc4 b3 33. Qa3 b2 34.
Ba2 Bc2 0-1

[Event "Gibraltar Amateurs A"]
[Site "Gibraltar"]
[Date "2020.01.20"]
[Round "1.23"]
[White "Maloney, Harry"]
[Black "O'Shea, Colm"]
[Result "0-1"]
[WhiteElo "1328"]
[BlackElo "1706"]
[PlyCount "112"]
[EventDate "2020.01.20"]
[EventType "swiss"]
[EventRounds "5"]
[EventCountry "GGB"]
[SourceTitle "BritBase"]
[Source "John Saunders"]
[SourceDate "2021.06.05"]
[SourceVersion "1"]
[SourceVersionDate "2021.06.05"]
[SourceQuality "1"]

1. e4 c5 2. Nf3 d6 3. d4 cxd4 4. Nxd4 Nf6 5. Nc3 g6 6. Bd3 Bg7 7. O-O O-O 8.
Re1 Nc6 9. Nb3 Be6 10. f3 a6 11. Be3 b5 12. Nd4 Nxd4 13. Bxd4 b4 14. Ne2 Qc7
15. Nf4 Bc4 16. b3 Bxd3 17. cxd3 e5 18. Rc1 Qb7 19. Be3 exf4 20. Bxf4 Rfd8 21.
e5 dxe5 22. Rxe5 Nh5 23. Re4 Nxf4 24. Rxf4 Bh6 25. Rh4 Bxc1 26. Qxc1 Rxd3 27.
Qh6 f5 28. Kf2 Rad8 29. Ke2 Qe7+ 30. Kf2 Rd2+ 31. Kg3 Rxa2 32. Qf4 Qd6 33. Qxd6
Rxd6 34. Rxb4 Rdd2 35. Kf4 Rxg2 36. Ke5 Kg7 37. Rb7+ Kh6 38. Kf6 Rxh2 39. Kf7
Kg5 40. Rb4 a5 41. f4+ Kg4 42. Rc4 Rab2 43. Rc3 Kxf4 44. Kf6 Rhc2 45. Rh3 Rc6+
46. Kg7 Rc7+ 47. Kf6 Rb7 48. Rh4+ Kg3 49. Kg5 R2xb3 50. Rd4 R3b4 51. Rd6 Ra7
52. Rd3+ Kf2 53. Rd2+ Ke3 54. Rd1 a4 55. Re1+ Kd2 56. Rh1 a3 0-1

[Event "Gibraltar Amateurs A"]
[Site "Gibraltar"]
[Date "2020.01.20"]
[Round "1.24"]
[White "Zitan, Abdelhay"]
[Black "Apps, Ian"]
[Result "1-0"]
[WhiteElo "1705"]
[BlackElo "1308"]
[PlyCount "39"]
[EventDate "2020.01.20"]
[EventType "swiss"]
[EventRounds "5"]
[EventCountry "GGB"]
[SourceTitle "BritBase"]
[Source "John Saunders"]
[SourceDate "2021.06.05"]
[SourceVersion "1"]
[SourceVersionDate "2021.06.05"]
[SourceQuality "1"]

1. e4 Nf6 2. Nc3 d6 3. d4 g6 4. Nf3 Bg4 5. Be2 Nc6 6. O-O Bg7 7. Be3 O-O 8. h3
Bxf3 9. Bxf3 Na5 10. Be2 a6 11. a4 Qd7 12. Qd2 c6 13. b4 b5 14. axb5 cxb5 15.
Rxa5 Rfc8 16. Bd3 Qc6 17. Ra3 Nd7 18. Nd5 Re8 19. Rc3 Qb7 20. Rc7 1-0

[Event "Gibraltar Amateurs A"]
[Site "Gibraltar"]
[Date "2020.01.20"]
[Round "1.25"]
[White "Reyes, Craig"]
[Black "Coric, Gojko"]
[Result "1/2-1/2"]
[WhiteElo "1240"]
[BlackElo "1704"]
[PlyCount "56"]
[EventDate "2020.01.20"]
[EventType "swiss"]
[EventRounds "5"]
[EventCountry "GGB"]
[SourceTitle "BritBase"]
[Source "John Saunders"]
[SourceDate "2021.06.05"]
[SourceVersion "1"]
[SourceVersionDate "2021.06.05"]
[SourceQuality "1"]

1. f4 e6 2. Nf3 Nf6 3. e3 b6 4. Be2 g6 5. O-O Bg7 6. d3 O-O 7. Qe1 Bb7 8. Nc3
Nc6 9. a3 Ne7 10. e4 d6 11. Qh4 Nd7 12. Bd2 f5 13. Ng5 Nf6 14. Nxe6 Qd7 15.
Nxf8 Rxf8 16. Bf3 d5 17. e5 Ne8 18. Rae1 c6 19. d4 Nc7 20. a4 Ne6 21. Be3 a6
22. b4 Rc8 23. Ne2 Bf8 24. c3 Kg7 25. Qf6+ Kg8 26. Qh4 Kg7 27. Qf6+ Kg8 28. Qh4
Kg7 1/2-1/2

[Event "Gibraltar Amateurs A"]
[Site "Gibraltar"]
[Date "2020.01.21"]
[Round "2.1"]
[White "Ashwani, Kumar Grover"]
[Black "Nash, Damian"]
[Result "1-0"]
[WhiteElo "1731"]
[BlackElo "1890"]
[PlyCount "93"]
[EventDate "2020.01.20"]
[EventType "swiss"]
[EventRounds "5"]
[EventCountry "GGB"]
[SourceTitle "BritBase"]
[Source "John Saunders"]
[SourceDate "2021.06.05"]
[SourceVersion "1"]
[SourceVersionDate "2021.06.05"]
[SourceQuality "1"]

1. e4 Nc6 2. Nf3 e5 3. d4 exd4 4. Bc4 Bb4+ 5. c3 dxc3 6. bxc3 Bd6 7. O-O Nf6 8.
e5 Bxe5 9. Nxe5 Nxe5 10. Re1 O-O 11. Rxe5 d6 12. Re1 Ng4 13. h3 Ne5 14. Bf1 Be6
15. Nd2 Qf6 16. Qh5 Rae8 17. Ne4 Qg6 18. Qxg6 fxg6 19. Ng3 a6 20. f4 Nf7 21. c4
b6 22. Bd2 a5 23. Rac1 Nd8 24. Bd3 Nb7 25. Rxe6 Rxe6 26. Be4 Nc5 27. Bd5 c6 28.
Bxe6+ Nxe6 29. Be3 Nxf4 30. Bxb6 a4 31. Rd1 Rb8 32. Be3 g5 33. Rxd6 Rb2 34. Rd2
Rb1+ 35. Kh2 Re1 36. Bf2 Rc1 37. c5 a3 38. Ne4 Rb1 39. Nxg5 Rb2 40. Be1 Rxd2
41. Bxd2 Nd3 42. Ne4 Kf7 43. Kg3 Ke6 44. Kf3 Kd5 45. Ke3 Nb2 46. Bc3 Nd1+ 47.
Kd2 1-0

[Event "Gibraltar Amateurs A"]
[Site "Gibraltar"]
[Date "2020.01.21"]
[Round "2.2"]
[White "Dumont, Andre"]
[Black "Kuenitz, Klaus"]
[Result "0-1"]
[WhiteElo "1872"]
[BlackElo "1726"]
[PlyCount "56"]
[EventDate "2020.01.20"]
[EventType "swiss"]
[EventRounds "5"]
[EventCountry "GGB"]
[SourceTitle "BritBase"]
[Source "John Saunders"]
[SourceDate "2021.06.05"]
[SourceVersion "1"]
[SourceVersionDate "2021.06.05"]
[SourceQuality "1"]

1. Nf3 d5 2. e3 Nf6 3. c4 c6 4. b3 g6 5. Bb2 Bg7 6. Nc3 O-O 7. Qc2 Bf5 8. d3
Na6 9. Nd4 Bd7 10. cxd5 cxd5 11. Ba3 Rc8 12. Qd2 Re8 13. Ndb5 Bxb5 14. Nxb5 Ne4
15. dxe4 Bxa1 16. exd5 Nc7 17. Bb2 Bxb2 18. Nxc7 Qxc7 19. Qxb2 Qc1+ 20. Qxc1
Rxc1+ 21. Ke2 Ra1 22. Kf3 Rc8 23. g4 Rc2 24. Bd3 Rcxa2 25. Rxa1 Rxa1 26. e4 Ra3
27. Bc2 a5 28. Kf4 Ra2 0-1

[Event "Gibraltar Amateurs A"]
[Site "Gibraltar"]
[Date "2020.01.21"]
[Round "2.3"]
[White "Collins, Andrew"]
[Black "Teh, Wee Zhun"]
[Result "1/2-1/2"]
[WhiteElo "1720"]
[BlackElo "1857"]
[PlyCount "44"]
[EventDate "2020.01.20"]
[EventType "swiss"]
[EventRounds "5"]
[EventCountry "GGB"]
[SourceTitle "BritBase"]
[Source "John Saunders"]
[SourceDate "2021.06.05"]
[SourceVersion "1"]
[SourceVersionDate "2021.06.05"]
[SourceQuality "1"]

1. e4 Nf6 2. Nc3 d5 3. exd5 Nxd5 4. Nxd5 Qxd5 5. Nf3 Bg4 6. Be2 Nc6 7. O-O e6
8. c3 Be7 9. d4 O-O 10. Ne5 Bxe2 11. Nxc6 Qxc6 12. Qxe2 b5 13. Bf4 Bf6 14. Be5
Bxe5 15. Qxe5 Rfd8 16. Rfe1 Rd5 17. Qe4 Rad8 18. Re3 Qd6 19. Rh3 h6 20. Re1 c5
21. dxc5 Qxc5 22. Rhe3 Rd2 1/2-1/2

[Event "Gibraltar Amateurs A"]
[Site "Gibraltar"]
[Date "2020.01.21"]
[Round "2.4"]
[White "O'Shea, Colm"]
[Black "Nebel, Uwe"]
[Result "1/2-1/2"]
[WhiteElo "1706"]
[BlackElo "1847"]
[PlyCount "73"]
[EventDate "2020.01.20"]
[EventType "swiss"]
[EventRounds "5"]
[EventCountry "GGB"]
[SourceTitle "BritBase"]
[Source "John Saunders"]
[SourceDate "2021.06.05"]
[SourceVersion "1"]
[SourceVersionDate "2021.06.05"]
[SourceQuality "1"]

1. e4 e6 2. d4 d5 3. Nd2 dxe4 4. Nxe4 Bd7 5. Nf3 Bc6 6. Ng3 Nd7 7. c3 Ngf6 8.
Bd3 Bxf3 9. Qxf3 c6 10. O-O Be7 11. Re1 O-O 12. a4 Re8 13. a5 a6 14. Bc2 Bd6
15. Bf4 Bc7 16. Bxc7 Qxc7 17. Ne4 Rad8 18. Nxf6+ Nxf6 19. Qg3 Qxg3 20. hxg3 Nd5
21. f4 h6 22. Kf2 Rc8 23. Be4 Red8 24. Bxd5 Rxd5 25. b4 Re8 26. Re3 f6 27. Rae1
Kf7 28. g4 f5 29. gxf5 Rxf5 30. Kg3 Rf6 31. Re5 Rd8 32. f5 Rxf5 33. Rxe6 Rd7
34. Re8 Rf6 35. R1e3 Kg6 36. R8e7 Rf7 37. Rxd7 1/2-1/2

[Event "Gibraltar Amateurs A"]
[Site "Gibraltar"]
[Date "2020.01.21"]
[Round "2.5"]
[White "Zitan, Abdelhay"]
[Black "Olaizola, Miguel"]
[Result "1-0"]
[WhiteElo "1705"]
[BlackElo "1809"]
[PlyCount "68"]
[EventDate "2020.01.20"]
[EventType "swiss"]
[EventRounds "5"]
[EventCountry "GGB"]
[SourceTitle "BritBase"]
[Source "John Saunders"]
[SourceDate "2021.06.05"]
[SourceVersion "1"]
[SourceVersionDate "2021.06.05"]
[SourceQuality "1"]

1. e4 e5 2. Nf3 Nc6 3. Bb5 a6 4. Bxc6 dxc6 5. O-O Bg4 6. h3 Bxf3 7. Qxf3 Qf6 8.
Qxf6 Nxf6 9. d3 O-O-O 10. Be3 h6 11. f4 exf4 12. Bxf4 Bc5+ 13. Kh1 Nh5 14. Bh2
Rd7 15. Nc3 Re8 16. Rf5 Be3 17. Rxh5 g6 18. Ra5 Bd2 19. Ra3 Re6 20. Rf1 Bg5 21.
Ne2 Be7 22. Rb3 Bc5 23. Bg1 Bf8 24. Ng3 c5 25. Ne2 b6 26. Nc3 Bg7 27. Nd5 c4
28. dxc4 Rxe4 29. Nf6 Bxf6 30. Rxf6 Re1 31. Rd3 Rde7 32. Rd2 Rb1 33. Kh2 Rxb2
34. a3 Ra2 1-0

[Event "Gibraltar Amateurs A"]
[Site "Gibraltar"]
[Date "2020.01.21"]
[Round "2.6"]
[White "D'Haluin, Wim"]
[Black "Johansson, Daniel 1984"]
[Result "0-1"]
[WhiteElo "1686"]
[BlackElo "1799"]
[PlyCount "54"]
[EventDate "2020.01.20"]
[EventType "swiss"]
[EventRounds "5"]
[EventCountry "GGB"]
[SourceTitle "BritBase"]
[Source "John Saunders"]
[SourceDate "2021.06.05"]
[SourceVersion "1"]
[SourceVersionDate "2021.06.05"]
[SourceQuality "1"]

1. d4 Nf6 2. Nf3 e6 3. Bf4 d5 4. e3 Bd6 5. Bg5 h6 6. Bh4 Nbd7 7. Nbd2 O-O 8. c4
c6 9. c5 Bc7 10. Bd3 b6 11. b4 a5 12. cxb6 Bxb6 13. Ne5 Qc7 14. bxa5 Bxa5 15.
Bg3 Nxe5 16. Bxe5 Qe7 17. Rc1 Nd7 18. Bg3 e5 19. dxe5 Nxe5 20. Bxe5 Qxe5 21.
Rxc6 Bd7 22. Rc1 Ba4 23. Bc2 Bb5 24. Bb3 d4 25. Qf3 dxe3 26. fxe3 Rad8 27. Rd1
Rd3 0-1

[Event "Gibraltar Amateurs A"]
[Site "Gibraltar"]
[Date "2020.01.21"]
[Round "2.14"]
[White "Jacob, Sydney J"]
[Black "Reyes, Craig"]
[Result "1-0"]
[WhiteElo "1816"]
[BlackElo "1240"]
[PlyCount "41"]
[EventDate "2020.01.20"]
[EventType "swiss"]
[EventRounds "5"]
[EventCountry "GGB"]
[SourceTitle "BritBase"]
[Source "John Saunders"]
[SourceDate "2021.06.05"]
[SourceVersion "1"]
[SourceVersionDate "2021.06.05"]
[SourceQuality "1"]

1. e4 e6 2. d4 d5 3. e5 c5 4. c3 a6 5. a4 Nc6 6. Nf3 Be7 7. Bd3 cxd4 8. cxd4
Bb4+ 9. Nbd2 Nge7 10. O-O O-O 11. Bxh7+ Kh8 12. Bd3 Nf5 13. Nb3 Be7 14. Be3 g6
15. Nfd2 Nxe3 16. fxe3 Kg7 17. Qg4 Bg5 18. Rae1 Qe7 19. g3 Bd7 20. h4 Bh6 21.
Rf6 1-0

[Event "Gibraltar Amateurs A"]
[Site "Gibraltar"]
[Date "2020.01.21"]
[Round "2.20"]
[White "Bryant, Richard B E"]
[Black "Naldrett, Geoffrey"]
[Result "1-0"]
[WhiteElo "1849"]
[BlackElo "1526"]
[PlyCount "113"]
[EventDate "2020.01.20"]
[EventType "swiss"]
[EventRounds "5"]
[EventCountry "GGB"]
[SourceTitle "BritBase"]
[Source "John Saunders"]
[SourceDate "2021.06.05"]
[SourceVersion "1"]
[SourceVersionDate "2021.06.05"]
[SourceQuality "1"]

1. e4 c6 2. d4 d5 3. e5 Bf5 4. Be3 e6 5. Nf3 Nd7 6. Nbd2 h6 7. Be2 Bb4 8. c3
Ba5 9. O-O Ne7 10. Ne1 O-O 11. f4 Bb6 12. b4 a5 13. a3 axb4 14. axb4 Rxa1 15.
Qxa1 Qa8 16. Qb2 Bc7 17. Nef3 b5 18. Nb3 Qb7 19. Ra1 Ra8 20. Na5 Bxa5 21. bxa5
Qa6 22. Nd2 Nc8 23. Nb3 Qb7 24. Rd1 Rb8 25. Qd2 Bg6 26. Rf1 Ne7 27. Qd1 Ra8 28.
Bc1 Qc7 29. Ba3 Nc8 30. Bb4 Qd8 31. Qe1 f5 32. Qg3 Kh7 33. Qh3 Qe8 34. Nd2 Ne7
35. Nf3 Kg8 36. Qh4 Kf7 37. h3 Nf8 38. g4 Nh7 39. Qg3 fxg4 40. hxg4 Be4 41. Rf2
Kg8 42. Rh2 Qf7 43. Nd2 Bg6 44. Rf2 Ra7 45. Nb3 Be4 46. Nc5 Bb1 47. Qe3 Qg6 48.
Rg2 Be4 49. Bf3 Bxf3 50. Qxf3 Nc8 51. f5 exf5 52. gxf5 Qe8 53. f6 g5 54. Qf5
Ra8 55. e6 Kh8 56. f7 Qf8 57. Nd7 1-0

[Event "Gibraltar Amateurs A"]
[Site "Gibraltar"]
[Date "2020.01.21"]
[Round "2.21"]
[White "Kovacevic, Aleksandar S"]
[Black "Busch, Guenther"]
[Result "1-0"]
[WhiteElo "1804"]
[BlackElo "1520"]
[PlyCount "73"]
[EventDate "2020.01.20"]
[EventType "swiss"]
[EventRounds "5"]
[EventCountry "GGB"]
[SourceTitle "BritBase"]
[Source "John Saunders"]
[SourceDate "2021.06.05"]
[SourceVersion "1"]
[SourceVersionDate "2021.06.05"]
[SourceQuality "1"]

1. b4 b6 2. c4 d6 3. Nf3 Bb7 4. e3 g6 5. Bb2 Nf6 6. Nc3 Bg7 7. Be2 O-O 8. d4
Nbd7 9. Qc2 c5 10. bxc5 bxc5 11. Rb1 a6 12. O-O Rb8 13. Rfd1 Qc7 14. d5 Bc8 15.
Na4 Nb6 16. Bc3 Bf5 17. Bd3 Bxd3 18. Rxd3 Nxa4 19. Rxb8 Rxb8 20. Qxa4 Rb1+ 21.
Rd1 Rxd1+ 22. Qxd1 Qb7 23. h3 h6 24. Qc2 Nd7 25. Bxg7 Kxg7 26. Qc3+ f6 27. Kh2
Qb4 28. Qc2 Ne5 29. Nxe5 fxe5 30. Qe4 Qb7 31. Qg4 Qb2 32. Qe6 Qxf2 33. Qxe7+
Kh8 34. Qxd6 Qxe3 35. Qf8+ Kh7 36. Qf7+ Kh8 37. d6 1-0

[Event "Gibraltar Amateurs A"]
[Site "Gibraltar"]
[Date "2020.01.21"]
[Round "2.22"]
[White "Haddock, Paul"]
[Black "Mircov, Nicola-Alexandar"]
[Result "0-1"]
[WhiteElo "1498"]
[BlackElo "1788"]
[PlyCount "60"]
[EventDate "2020.01.20"]
[EventType "swiss"]
[EventRounds "5"]
[EventCountry "GGB"]
[SourceTitle "BritBase"]
[Source "John Saunders"]
[SourceDate "2021.06.05"]
[SourceVersion "1"]
[SourceVersionDate "2021.06.05"]
[SourceQuality "1"]

1. e4 c5 2. Nf3 e6 3. d4 cxd4 4. Nxd4 Nf6 5. Nc3 d6 6. Bc4 Be7 7. O-O O-O 8.
Bb3 Na6 9. f4 Nc5 10. e5 dxe5 11. fxe5 Nfd7 12. Nf3 a6 13. Qe1 b5 14. Qg3 Kh8
15. Bg5 b4 16. Bxe7 Qxe7 17. Ne2 Bb7 18. Kh1 Ne4 19. Qg4 Qc5 20. Ned4 Nxe5 21.
Nxe5 Qxd4 22. Nxf7+ Rxf7 23. Rxf7 Nf2+ 24. Rxf2 Qxg4 25. Raf1 h5 26. c3 bxc3
27. Bc2 g6 28. bxc3 Rd8 29. Rg1 h4 30. h3 Qxh3# 0-1

[Event "Gibraltar Amateurs A"]
[Site "Gibraltar"]
[Date "2020.01.21"]
[Round "2.23"]
[White "Zhou, Jing"]
[Black "Ocana, Jeremy"]
[Result "0-1"]
[WhiteElo "1457"]
[BlackElo "1708"]
[PlyCount "108"]
[EventDate "2020.01.20"]
[EventType "swiss"]
[EventRounds "5"]
[EventCountry "GGB"]
[SourceTitle "BritBase"]
[Source "John Saunders"]
[SourceDate "2021.06.05"]
[SourceVersion "1"]
[SourceVersionDate "2021.06.05"]
[SourceQuality "1"]

1. Nf3 b6 2. d4 Bb7 3. e3 d6 4. Bd3 h6 5. b3 e6 6. Bb2 Nd7 7. Nbd2 g5 8. h3 Bg7
9. Qe2 a5 10. a4 Ne7 11. e4 Ng6 12. g3 O-O 13. O-O f5 14. exf5 exf5 15. Qe6+
Kh7 16. Bxf5 Qf6 17. Bxg6+ Qxg6 18. Qxg6+ Kxg6 19. Ne1 Rae8 20. Nc4 Re2 21. Ne3
Nf6 22. Nd3 Be4 23. Nc1 Rxc2 24. Nxc2 Bxc2 25. Re1 Nd5 26. Re2 Bd1 27. Rd2 Bf3
28. Nd3 Nf6 29. Re1 Ne4 30. Rc2 Rf7 31. d5 Bxb2 32. Nxb2 Nc5 33. Re3 Bxd5 34.
Rcc3 Bb7 35. Nd3 Ne4 36. Rc2 Bd5 37. Rb2 c5 38. Nc1 Bc6 39. Rbe2 d5 40. Nd3 Rf6
41. Ne5+ Kg7 42. Nxc6 Rxc6 43. Kg2 Rf6 44. f3 Nd6 45. Re6 Nf5 46. Rxf6 Kxf6 47.
Re8 Nd4 48. Rb8 Nxb3 49. Rxb6+ Ke5 50. Rxb3 c4 51. Rb5 c3 52. f4+ gxf4 53.
gxf4+ Kd4 54. f5 c2 0-1

[Event "Gibraltar Amateurs A"]
[Site "Gibraltar"]
[Date "2020.01.21"]
[Round "2.24"]
[White "Apps, Ian"]
[Black "Greco, Joseph"]
[Result "0-1"]
[WhiteElo "1308"]
[BlackElo "1691"]
[PlyCount "44"]
[EventDate "2020.01.20"]
[EventType "swiss"]
[EventRounds "5"]
[EventCountry "GGB"]
[SourceTitle "BritBase"]
[Source "John Saunders"]
[SourceDate "2021.06.05"]
[SourceVersion "1"]
[SourceVersionDate "2021.06.05"]
[SourceQuality "1"]

1. d4 d5 2. Nf3 Nf6 3. Bf4 e6 4. e3 Bd6 5. Bg3 O-O 6. Bd3 b6 7. c3 Bb7 8. Qc2
c5 9. Qe2 Nc6 10. Nbd2 c4 11. Bc2 Na5 12. O-O Rc8 13. Ne5 b5 14. Ndf3 Ne4 15.
Bh4 f6 16. Nd2 g5 17. Nxe4 dxe4 18. Qg4 Kh8 19. Qh5 Qe8 20. Qg4 gxh4 21. b4
cxb3 22. axb3 Rxc3 0-1

[Event "Gibraltar Amateurs A"]
[Site "Gibraltar"]
[Date "2020.01.21"]
[Round "2.25"]
[White "Guardia Bencomo, Tomas"]
[Black "Davies, Cledwyn"]
[Result "1-0"]
[WhiteElo "1660"]
[BlackElo "1507"]
[PlyCount "93"]
[EventDate "2020.01.20"]
[EventType "swiss"]
[EventRounds "5"]
[EventCountry "GGB"]
[SourceTitle "BritBase"]
[Source "John Saunders"]
[SourceDate "2021.06.05"]
[SourceVersion "1"]
[SourceVersionDate "2021.06.05"]
[SourceQuality "1"]

1. e4 d5 2. exd5 Qxd5 3. Nc3 Qd8 4. Bc4 Nf6 5. Nf3 Bf5 6. d4 e6 7. O-O c6 8.
Re1 Nbd7 9. Qe2 Bd6 10. Ne5 O-O 11. Bg5 Qe8 12. Bd3 Bg6 13. Nxg6 hxg6 14. Ne4
Nxe4 15. Bxe4 Nf6 16. Bd3 Nd5 17. c3 Nf4 18. Bxf4 Bxf4 19. a4 Rc8 20. Qg4 Bb8
21. Re3 Qe7 22. Rae1 Qf6 23. Rf3 Qe7 24. Bb1 f5 25. Qxg6 Rf6 26. Qg5 Qf7 27.
Qe3 Qc7 28. g3 Qf7 29. Ba2 Re8 30. Qd3 Qh5 31. Rfe3 Rh6 32. h4 Kf7 33. Qe2 Qg6
34. Kh2 Rxh4+ 35. Kg2 Reh8 36. Bxe6+ Kf6 37. Qf3 Rh2+ 38. Kf1 Rh1+ 39. Ke2
Rxe1+ 40. Kxe1 Re8 41. Bc4 Rxe3+ 42. Qxe3 Qg4 43. Qe6+ Kg5 44. Qe3+ Kf6 45.
Qe6+ Kg5 46. Qe7+ Kh5 47. Be2 1-0